Nakolik vítězné je vítězství Benjamina Netanjahua v Izraelských volbách

Izraelské predčasné voľby a víťazstvo Benjamina Netanjahua. Výhra pravicovej strany Likud. Čo hovoria čísla. Dôvody na optimizmus stredových a ľavicových voličov.

Gespeichert in:
Bibliographische Detailangaben
1. Verfasser: Neufeld, Hana
Format: Buchkapitel
Sprache:Tschechisch
Schlagworte:
Tags: Tag hinzufügen
Keine Tags, Fügen Sie das erste Tag hinzu!

MARC

LEADER 00000nla a2200000 4500
001 0200007
005 20240417075056.6
041 0 |a cze 
044 |a CZ 
245 1 0 |a Nakolik vítězné je vítězství Benjamina Netanjahua v Izraelských volbách  |c Hana Neufeld 
520 |a Izraelské predčasné voľby a víťazstvo Benjamina Netanjahua. Výhra pravicovej strany Likud. Čo hovoria čísla. Dôvody na optimizmus stredových a ľavicových voličov. 
610 2 0 |a voľby 
610 2 0 |a strany politické 
610 2 0 |a strany vládne 
610 2 0 |a Izrael 
100 1 |a Neufeld, Hana